000 00364nam a2200133Ia 4500
008 150202s9999 xx 000 0 und d
020 _a61095869
050 _aFIC
_bFIC
100 _aBrandford, Barbara Taylor
245 _aHer own rules /
_cBarbara Brandford.
260 _aUSA :
_bStripped Books,
_c1996.
300 _a336 pages :
_c18 cm.
650 _aFiction.
999 _c281863
_d281863